000 00787nam a2200241 4500
005 20251028114754.0
010 _aENG-146991-992
020 _a9789389899870
_c798.00
020 _a9789389800807
_c878.00
020 _a9789359481500
_c878.00
035 _aEN-130523-524
037 _bDBAD
082 _21
_a530
100 _aSharma, A.K.
_985539
245 _aVinesh Objective Physics/
_cA.K. Sharma
250 _a1
260 _aDelhi
_bS. Dinesh & Co.
_c2025
270 _a4265, Gali No. 3, Mohalla Panjabian, Ansari Road, Darya Ganj
_bDelhi
_k011-23250628
_k011-23250058
_msdineshdelhi@gmail.com
300 _avpp.
_b28cm(pb)
490 _vVol 1,2
500 _aFor Jee Main Jee Advanced & Other Engineering Competitive Exam
942 _2ddc
_cEN
_e1
_h530
_mSHA
999 _c213675
_d213675